Statistiques concernant Alpes A-Z

Cliquez ici pour prendre le quiz!

Statistiques générales

  • Ce quiz a été pris 75 fois
    (74 depuis la dernière actualisation)
  • Le résultat moyen est 9 sur 24

Statistiques - réponses

#HintRéponse% Correct
BPlus haut sommetMont Blanc
93%
NChef-lieu des Alpes-MaritimesNice
88%
RFleuve franco-suisse prenant sa source dans le glacier homonymeRhône
82%
PPlus long fleuve d'Italie prenant sa source au pied du Mont VisoPo
81%
MPlus petit pays des AlpesMonaco
73%
G"Capitale des Alpes"Grenoble
69%
HIl traversa les Alpes avec ses éléphantsHannibal
57%
IHôte des Jeux de 1964 et 1972Innsbruck
57%
JMontagne française également célèbre pour sa face NordGrandes J{orasses}
48%
VCanton suisse possédant plus de la moitié des 4000 des AlpesValais
40%
ZCélèbre station de ski située au pied du CervinZermatt
34%
KPlus difficile descente de coupe du monde de ski alpinKitzbühel
33%
CStation hôte des Jeux Olympiques de 1956Cortina d'Ampezzo
28%
DRégion célèbre où C est situéDolomites
28%
EMontagne bernoise célèbre pour sa face nord de 1800 m de hautEiger
28%
APlus long glacierGlacier d'Aletsch
18%
WPlus longue descente de coupe du monde de ski alpinWengen
18%
OVallée autrichienne où une momie de 5300 ans fût découverteÖtztal
15%
FCol de Suisse où a été tourné le James Bond "Goldfinger"Col de la Furka
13%
XCompétition de freeride se déroulant à Verbier depuis 1996Xtreme
13%
SSecond plus haut col des Alpes possédant 75 virages en épingleStelvio
12%
TPlus haut somme de SlovenieTriglav
7%
LLangue du Sud Tirol assez similaire au Romanche et au FrioulanLadin
4%
UAssociation d'alpinisme et de grimpe fondée en 1932 à ChamonixUIAA
3%

Distribution des résultats

Percentile par nombre de réponses

% des personnes avec chaque résultat

Votre développement - résultats

Vous n’avez pas pris ce quiz depuis la dernière actualisation